000
003060000a22001330004500
005
20120302064149.0
942
_c
BOOK
100
_a
Swami Tejomayananda
245
_a
You ask he answer
260
_a
Mumbai:Central chinmaya mission trust,2004.
300
_a
88p..-ill
040
_a
Eng
365
_b
50/-
999
_c
361444
_d
361441